Clinical Nursing Procedures : The art of nursing practice (Record no. 158452)

MARC details
000 -LEADER
fixed length control field 00446nam a2200145Ia 4500
008 - FIXED-LENGTH DATA ELEMENTS--GENERAL INFORMATION
fixed length control field 230411s9999 xx 000 0 und d
020 ## - INTERNATIONAL STANDARD BOOK NUMBER
International Standard Book Number 978-93-89788-51-6
041 ## - LANGUAGE CODE
Language code of text/sound track or separate title eng
082 ## - DEWEY DECIMAL CLASSIFICATION NUMBER
Classification number F/610.73/JAC/B09272
100 ## - MAIN ENTRY--PERSONAL NAME
Personal name Jacob Annamma Rekha R & Jadhav Sonali
9 (RLIN) 179146
245 ## - TITLE STATEMENT
Title Clinical Nursing Procedures : The art of nursing practice
260 ## - PUBLICATION, DISTRIBUTION, ETC. (IMPRINT)
Name of publisher, distributor, etc. Jaypee Brothers
Place of publication, distribution, etc. New Delhi
Date of publication, distribution, etc. 2020
300 ## - PHYSICAL DESCRIPTION
Extent 1037p
Holdings
Withdrawn status Lost status Damaged status Not for loan Collection code Home library Current library Date acquired Vendor Cost, normal purchase price Bill number Total Checkouts Full call number Barcode Checked out Date last seen Date last checked out Cost, replacement price Bill Date Koha item type Original Barcode
          Smt. Bakul Tambat Institute of Nursing Education Smt. Bakul Tambat Institute of Nursing Education 23/12/2019 Jaypee Brothers Medical Publishers 1295.00 1/19-00097 6 F 610.73 JAC B09272 BTIN-BK-9272 19/05/2026 20/11/2025 20/11/2025 880.60 19/12/2019 Books B09272